000 003190000a22001450004500
020 _a968-13-1619-3
041 0 _aSPA
082 0 4 _aG 866 A432c
100 1 _aAllende, Isabel (1942-)
245 1 0 _aCuentos de Eva Luna / Isabel Allende
260 _aMéxico : Diana
300 _a276 Pag
001 11193
942 _cBK
999 _c40559
_d40559